| 000 | 02261nam0a2200397 i 4500 | ||
|---|---|---|---|
| 001 | RU\NLR\BIBL_A\010582641 | ||
| 005 | 20240921144908.0 | ||
| 010 |
_a9785910501571 _91000 |
||
| 021 |
_aRU _b2014-83972 _95106 |
||
| 035 | _a(NILC)RuMoRGB-007579634 | ||
| 035 | _a(NLR Aleph) 010582641 | ||
| 090 |
_a10468171 _c10468171 |
||
| 100 | _a20150113d2014 km y0rusy50 ca | ||
| 101 | 0 | _arus | |
| 102 | _aRU | ||
| 105 | _aa|||z|||000yy | ||
| 200 | 1 |
_aМорские биоресурсы в санаторно-курортной практике _fБ.Н. Рогозян, А.П. Холопов, В.А. Шашель [и др.] _gГос. бюджет. образоват. учреждение высш. проф. образования "Кубан. гос. мед. ун-т" М-ва здравоохранения Рос. Федерации [и др.] |
|
| 210 |
_aКраснодар _cДиапазон-В _d2014 |
||
| 215 |
_a238 с., [6] л. цв. ил. _d27 |
||
| 300 | _aВ надзаг. также: ЗАО "ДиЛуч - санатор.-курорт. комплекс", ОАО "Санаторий "Анапа" Краснодар. края, Фил. федер. гос. бюджет. образоват. учреждения высш. проф. образования "Сочин. гос. ун-т" в г. Анапе Краснодар. края | ||
| 320 | _aБиблиогр.: с. 226-238 | ||
| 606 | 1 |
_aМорские водоросли _xЛечебное применение _92349632 _3RU\NLR\AUTH\661403848 |
|
| 606 | 1 |
_aМорепродукты _xБиологическая ценность _92214174 _3RU\NLR\AUTH\6601563571 |
|
| 610 | 0 | _aморепродукты в диетическом питании | |
| 610 | 0 | _aсанаторно-курортное лечение | |
| 686 | 1 | _aР282.111 Водоросли морские | |
| 686 | 1 | _aР123.854-0 | |
| 701 | 1 |
_aРогозян _bБ. Н. _gБорис Николаевич |
|
| 701 | 1 |
_aХолопов _bА. П. _gАлександр Павлович |
|
| 701 | 1 |
_aШашель _bВ. А. _gВиктория Алексеевна |
|
| 801 | 0 |
_aRU _bРГБ _c20141107 _gRCR |
|
| 801 | 1 |
_aRU _bРГБ _c20141107 _2rusmarc |
|
| 942 | _cBOOK | ||
| 980 | _aNBR | ||